Poistenie podnikateľských subjektov bakalárska práca

Saved in:
Bibliographic Details
Main Author: Kudroč, Maroš
Corporate Author: Podnikovohospodárska fakulta EU so sídlom v Košiciach. Katedra ekonómie
Other Authors: Meheš, Marek
Format: Book
Language:Slovak
Published: Košice 2009
Tags: Add Tag
No Tags, Be the first to tag this record!

MARC

LEADER 00000nam$a2200000$$$4500
001 0106229
005 20240827092826.7
041 0 |a slo 
044 |a SK 
245 1 0 |a Poistenie podnikateľských subjektov  |b bakalárska práca  |c Maroš Kudroč ; škol. Marek Meheš 
264 1 |a Košice  |c 2009 
300 |a 52 s. 
100 1 |a Kudroč, Maroš 
700 1 |a Meheš, Marek 
710 2 |a Podnikovohospodárska fakulta EU so sídlom v Košiciach. Katedra ekonómie